| 000 | 00882cam a2200265 4500 | ||
|---|---|---|---|
| 001 | 4865 | ||
| 003 | BD-RjUL | ||
| 005 | 20211208233952.0 | ||
| 008 | 131223s1969 nyu b 000 0 eng | ||
| 035 | _a(BD-RjUL)4900 | ||
| 040 |
_aDLC _cDLC _dDLC _dBD-RjUL _beng |
||
| 041 | _aeng | ||
| 082 | 0 | 0 |
_a309.223 _bPHG |
| 100 | 1 |
_aPhillips, Hiram S. _915344 |
|
| 245 | 1 | 0 |
_aGuide for development : _binstitution-building and reform / _c[by] Hiram S. Phillips. |
| 260 |
_aNew York : _bPraeger, _cc1969. |
||
| 300 |
_axvii, 282 p. ; _c25 cm. |
||
| 490 | 0 | _aPraeger special studies in international economics and development | |
| 504 | _aIncludes bibliographical references. | ||
| 650 | 0 |
_aTechnical assistance _zDeveloping countries. _915345 |
|
| 650 | 0 |
_aAssociations, institutions, etc. _zDeveloping countries. _915346 |
|
| 942 |
_2ddc _cBK |
||
| 999 |
_c4865 _d4865 |
||